| 000 | 01160nam a2200325 a 4500 | ||
|---|---|---|---|
| 008 | |||
| 020 | _a9780702033889 (paperback) | ||
| 040 |
_aNUST _cNUST |
||
| 049 | _aMAIN | ||
| 090 |
_aRS160 _bHEI |
||
| 100 | 1 |
_aHeinrich, Michael., _aauthor. |
|
| 245 | 1 | 0 |
_aFundamentals of pharmacognosy and phytotherapy/ _c Michael Heinrich ; Joanne Barnes ; Simon Gibbons & Elizabeth M Williamson foreword by A Douglas Kinghorn epilogue by J David Phillipson. |
| 250 | _aSecond edition. | ||
| 260 |
_aEdinburgh : _bChurchill Livingstone, _c2012. |
||
| 300 |
_aix, 326 pages : _billustrations ; _c25 cm. |
||
| 336 |
_atext _btxt _2rdacontent |
||
| 337 |
_aunmediated _bn _2rdamedia |
||
| 338 |
_avolume _bnc _2rdacarrier |
||
| 500 | _aIncludes index. | ||
| 504 | _aIncludes bibliographical references. | ||
| 650 | 1 | _aPharmacognosy. | |
| 650 | _aMateria medica, Vegetable. | ||
| 700 |
_aBarnes, Joanne., _aathor. |
||
| 700 |
_aGibbons, Simon., _aauthor. |
||
| 700 |
_aWilliamson, Elizabeth M., _aauthor. |
||
| 907 |
_a.b10401933 _b07-05-21 _c07-05-21 |
||
| 003 | |||
| 005 | 20230120204256.0 | ||
| 942 |
_cBOOKS _kRS160 _mHEI |
||
| 999 |
_c120273 _d120273 |
||